| 000 | 00596nam a2200217Ia 4500 | ||
|---|---|---|---|
| 003 | OSt | ||
| 005 | 20220928145610.0 | ||
| 006 | a|||||r|||| 00| 0 | ||
| 007 | ta | ||
| 008 | 220927b |||||||| |||| 00| 0 eng d | ||
| 024 | _a81445 | ||
| 037 | _cTextual | ||
| 040 |
_aSDCL _cSDCL _beng |
||
| 041 |
_2eng _aeng |
||
| 082 | _aB43, L7 | ||
| 100 |
_aBerger Melvin S _9513649 |
||
| 245 | 0 |
_aNonlinearity and functional analysis _b Lectures on nonlinear problems in mathematical analysis. |
|
| 260 | _c1977 | ||
| 942 |
_hB43, L7 _cTEXL _2CC |
||
| 999 |
_c834296 _d834296 |
||